Statistics for Oceania Flags Map Quiz

Click here to take the quiz!

General Stats

  • This quiz has been taken 4,991 times
  • The average score is 9 of 16

Answers on the Map

Answers color-coded by a green-red scale on the quiz's map according to % correct below.
 

Answer Stats

Answer% Correct
95%
94%
88%
62%
60%
60%
58%
55%
52%
51%
50%
49%
48%
46%
42%
36%

Score Distribution

Percentile by Number Answered

Percent of People with Each Score

Your Score History

You have not taken this quiz